Polskie miasta na literę "Ś" - Statystyki

Ogólne statystyki
  • Ten quiz został rozwiązany 327 razy
  • Średni wynik to 6 z 10
Statystyki odpowiedzi
ludność miasto % Poprawnych
56 800 Świdnica
75%
40 700 Świnoujscie
74%
39 100 Świdnik
72%
29 400 Śrem
64%
21 700 Świebodzin
62%
22 800 Środa Wielkopolska
60%
49 300 Świętochłowice
60%
25 600 Świecie
46%
15 300 Świdwin
38%
22 700 Świebodzice
37%
Nie znaleziono quizów pasujących do podanych kryteriów
Rozkład punktacji
Procent ludzi z każdym wynikiem
Percentyl według liczby udzielonych odpowiedzi
Twoja historia wyników
Nie rozwiązałeś tego quizu